Okresné úrady kritizujú zastaranosť svojich vozových parkov najstarší vozový park má Rožnava, najlepšie sa má košický krajský úrad

Bibliographic Details
Main Author: Jurkovičová, Klaudia (Author)
Corporate Author: Krajský úrad (Košice, Slovensko) (Author)
Format: Article
Language:Slovak
Subjects:

MARC

LEADER 00000nab a2200000 a 4500
001 vtls001009125
003 SK-MaSNL
005 20260303192224.0
008 040720e20010703xo 0 slo
035 |a RV9725 
040 |a RVGKPD  |b slo  |c RVGKPD  |e AACR2 
041 0 |a slo 
044 |a xo  |c SK 
080 |a 353.5  |2 1981 
080 |a 629.114.6  |2 1981 
100 1 |a Jurkovičová, Klaudia  |4 aut  |9 877349 
245 1 0 |a Okresné úrady kritizujú zastaranosť svojich vozových parkov  |b najstarší vozový park má Rožnava, najlepšie sa má košický krajský úrad 
500 |a prehľady 
610 1 7 |a Košický kraj (Slovensko).  |b Krajský úrad  |2 RVGKPD  |9 188095 
650 0 7 |a úrady okresné  |2 RVGKPD  |9 846418 
650 0 7 |a vozidlový park  |2 RVGKPD  |9 103131 
650 0 7 |a autá služobné  |2 RVGKPD  |9 878358 
650 0 7 |a vlastníctvo  |2 RVGKPD  |9 281120 
651 7 |a Košice (Slovensko)  |2 RVGKPD  |9 18694 
651 7 |a Rožňava (Slovensko)  |2 RVGKPD  |9 17394 
651 7 |a Rožňava (Slovensko)  |2 RVGKPD  |9 17394 
651 7 |a RV,  |2 RVGKPD  |9 1023870 
655 7 |a periodikum  |2 snkbucl  |9 29553 
710 2 |a Krajský úrad (Košice, Slovensko)  |4 aut  |9 1222500 
773 0 8 |t Košický denník Korzár  |g Roč. 4, č.152, 3.7.2001, s. 4 
852 |a ZVYKNI  |b KIS3GCP 
999 |c 2145003  |d 2146933